00820 2200301 4500001002100000005001700021008004100038020002200079035002400101040001200125041000800137082001700145084001700162090001900179100001600198245008500214250001100299260003000310300003100340440002300371650002300394700001900417700001600436850001200452990001800464990001800482990001800500INLIS00000000003153220171012104519.0  a978-602-420-208-8 0010-101700000000210 aYOPDYOG0 aind 2[23]a028.55 a028.55 Iwo A aK 028.55 Iwo A0 aIWOK ABQARY1 aAsma yang mandiric/ Iwok Abqary; editor, Dadan Ramadhan; ilustrator, M. Isnaeni aCet. 1 aBandungbDar! Mizanc2016 a20 hlm.b: ilus.c; 18 cm. aSeri Sahabat Rasul 4aBacaan kanak-kanak0 aDadan Ramadhan0 aIsnaeni, M. aYOPDYOG a28819-PD/B.17 a28820-PD/B.17 a28821-PD/B.17